Studies on Byzantine literature of the eleventh and twelfth centuries

Αποθηκεύτηκε σε:
Λεπτομέρειες βιβλιογραφικής εγγραφής
Κύριος συγγραφέας: Kazhdan, A. P. (Aleksandr Petrovich), 1922-1997
Άλλοι συγγραφείς: Franklin, Simon (Επιμελητής έκδοσης)
Μορφή: Βιβλίο
Γλώσσα:English
Δημοσίευση: Cambridge : Cambridge University Press, 1984
Σειρά:Past and present publications ; ; 21
Θέματα:
Ετικέτες: Προσθήκη ετικέτας
Δεν υπάρχουν, Καταχωρήστε ετικέτα πρώτοι!

MARC

LEADER 00000cam a2200000 i 4500
001 1/8241
008 961009s1984 eng d
020 |a 0-521-24656-3 
035 |l 10017022 
040 |a GR-MY-UA  |b gre  |e aacr 
041 0 |a eng 
082 0 |a 880.9 
100 1 |a Kazhdan, A. P.   |q (Aleksandr Petrovich),   |d 1922-1997. 
245 1 0 |a Studies on Byzantine literature of the eleventh and twelfth centuries /  |c Alexander Kazhdan ; In collaboration with Simon Franklin 
260 |a Cambridge :   |b Cambridge University Press,   |c 1984 
300 |a 298 p. 
490 1 |a Past and present publications  |v ; 21 
504 |a Includes index 
650 0 0 |a Byzantine literature  |x History and criticism. 
700 1 |a Franklin, Simon.  |4 edt 
830 0 |a Past and present publications ;  |v ; 21 
852 |a INST  |b LESVOS  |e 19961009  |h 880.9 KAZ  |p 005100009110  |q 005100009110  |t BK  |y 0 
909 |a Λ  |b 035661